| 000 | 01174nam a22003017a 4500 | ||
|---|---|---|---|
| 005 | 20111201143610.0 | ||
| 008 | 111201t xxu||||| |||| 00| 0 eng d | ||
| 010 | _aENG-104271 | ||
| 020 |
_a9781259002441 _c450.00 |
||
| 020 |
_a1259002446 _c450.00 |
||
| 035 | _aEN-87804 | ||
| 037 | _bDBAD/PUB | ||
| 040 |
_aDPL _bEng |
||
| 082 | _a629.895416 | ||
| 100 |
_936352 _aGadre, V. Dhananjay |
||
| 245 |
_aTiny AVR microcontroller projects for the evil genius / _cby Dhananjay V. Gadre [and] Nehul Malhotra |
||
| 260 |
_aNew Delhi _bTata McGraw Hill _c2011 |
||
| 270 |
_a7 West Patel Nagar _bNew Delhi _e110008 |
||
| 300 |
_axvii,251p. : _c28cm (pbk) _bill. |
||
| 490 |
_aEvil genius series _936793 |
||
| 500 | _aIncludes index | ||
| 650 |
_936353 _aElectronic apparatus and appliances _xDesign and construction |
||
| 650 |
_aProgrammable controllers _936794 |
||
| 650 |
_aAtmel AVR microcontroller _936795 |
||
| 700 |
_aMalhotra, Nehul _936394 |
||
| 942 |
_2ddc _cEN _mGAD _h629.895416 |
||
| 999 |
_c58886 _d58886 |
||